Tests on Russian language A2 level (Record no. 59670)

MARC details
000 -LEADER
fixed length control field 00583nam a2200157 a 4500
008 - FIXED-LENGTH DATA ELEMENTS--GENERAL INFORMATION
fixed length control field 210303s2020 ||||||||||||||||| || u
020 ## - INTERNATIONAL STANDARD BOOK NUMBER
International Standard Book Number 9785907123540
050 ## - LIBRARY OF CONGRESS CALL NUMBER
Classification number PG 2900 Kas
100 ## - MAIN ENTRY--PERSONAL NAME
Personal name Nikiforova, A.B
245 10 - TITLE STATEMENT
Title Tests on Russian language A2 level
Statement of responsibility, etc. E.V Kasareba; A.B Nikiforova
260 ## - PUBLICATION, DISTRIBUTION, ETC.
Place of publication, distribution, etc. St. Petersburg
Date of publication, distribution, etc. 2020
300 ## - PHYSICAL DESCRIPTION
Extent 130 pages: illustrations
650 ## - SUBJECT ADDED ENTRY--TOPICAL TERM
Topical term or geographic name entry element RUSSIAN LITERATURE
700 ## - ADDED ENTRY--PERSONAL NAME
Personal name Kasareba, E.v
995 ## - RECOMMENDATION 995 [LOCAL, UNIMARC FRANCE]
-- CBU-MAIN LIBRARY (Kitwe)
-- 1
-- AVAILABLE
-- Mar 3, 2021
-- Main Library Open Access Collection
Holdings
Withdrawn status Lost status Source of classification or shelving scheme Damaged status Not for loan Home library Current library Shelving location Date acquired Total Checkouts Full call number Barcode Date last seen Price effective from Koha item type
          CBU-MAIN LIBRARY, KITWE. CBU-MAIN LIBRARY, KITWE.   11/30/2022   PG 2900 Kas 750890 11/30/2022 11/30/2022 MONOGRAPH